Подробности
| 000 -МАРКЕР |
| контрольное поле |
03107nam2a22003851 4500 |
| 001 - ИДЕНТИФИКАТОР ЗАПИСИ |
| контрольное поле |
rc\410716 |
| 005 - ИДЕНТИФИКАТОР ВЕРСИИ |
| контрольное поле |
20250621165154.0 |
| 010 ## - МЕЖДУНАРОДНЫЙ СТАНДАРТНЫЙ НОМЕР КНИГИ (ISBN) |
| Номер (ISBN) |
5-239-00740-3 |
| Тираж |
150000 |
| 035 ## - ДРУГИЕ СИСТЕМНЫЕ НОМЕРА |
| Идентификатор записи |
(NLR Aleph) 005815538 |
| 100 ## - ДАННЫЕ ОБЩЕЙ ОБРАБОТКИ |
| Данные общей обработки |
20030616d1990 |||y0rusy50 ca |
| 101 0# - ЯЗЫК РЕСУРСА |
| Язык текста, звукозаписи и т.д. |
русский |
| 102 ## - СТРАНА ПУБЛИКАЦИИ ИЛИ ПРОИЗВОДСТВА |
| Страна публикации |
Российская Федерация |
| 105 ## - ПОЛЕ КОДИРОВАННЫХ ДАННЫХ: ТЕКСТОВЫЕ МАТЕРИАЛЫ, МОНОГРАФИЧЕСКИЕ |
| Кодированные данные о монографическом текстовом документе |
y ||||||||| |
| 200 1# - ЗАГЛАВИЕ И СВЕДЕНИЯ ОБ ОТВЕТСТВЕННОСТИ |
| Основное заглавие |
Следствие продолжается |
| Сведения, относящиеся к заглавию |
[Пер. с англ.] |
| 210 ## - ПУБЛИКАЦИЯ, РАСПРОСТРАНЕНИЕ И ДР. |
| Дата издания, распространения и т.д. |
1990 |
| Место издания, распространения и т.д. |
Б. м. |
| 215 ## - ФИЗИЧЕСКАЯ ХАРАКТЕРИСТИКА |
| Специфическое обозначение материала и объем |
541, [2] с. |
| 300 ## - ОБЩИЕ ПРИМЕЧАНИЯ |
| Текст примечания |
На пер. только загл. вып. |
| 327 1# - ПРИМЕЧАНИЯ О СОДЕРЖАНИИ |
| Текст примечания |
Содерж.: Романы: Убийства по алфавиту / А. Кристи. Красная жатва / Д. Хемметт. В холодном поту / Буало-Нарсежак. Новейший вариант пещеры Али-Бабы: Рассказ / Д. Сейерс. Новеллы: Мартовские иды; Кто смеется последним; Поймать вора / Э.У. Хорнунг. Воскресение отца Брауна; Три всадника из Апокалипсиса / Г.К. Честертон |
| 461 #0 - УРОВЕНЬ НАБОРА |
| Встроенное поле |
001rc\410714 |
| -- |
2001#$aАнтология зарубежного детектива$e[Перевод$fСост., вступ. ст., примеч. С.Б. Белова]$vВып. 3 |
| Системный номер (АБИС) связанной записи |
5426942 |
| Место публикации |
М. |
| Дата публикации |
1987- |
| Первые сведения об ответственности |
Сост., вступ. ст., примеч. С.Б. Белова] |
| Имя издателя, распространителя и т.д. |
Моск. рабочий |
| Сведения, относящиеся к заглавию |
[Перевод |
| Заглавие |
Антология зарубежного детектива |
| Номер тома |
Вып. 3 |
| 464 #0 - АНАЛИТИЧЕСКИЙ УРОВЕНЬ |
| Встроенное поле |
2001#$aУбийства по алфавиту |
| -- |
700#1$aКристи$bА.$f1890-1976$gАгата$3RU\NLR\AUTH\772006 |
| Заглавие |
Убийства по алфавиту |
| Автор |
Кристи, Агата (1890-1976) |
| 464 #0 - АНАЛИТИЧЕСКИЙ УРОВЕНЬ |
| Встроенное поле |
2001#$aКрасная жатва |
| -- |
700#1$aХемметт$bД. |
| Заглавие |
Красная жатва |
| Автор |
Хемметт, Д. |
| 464 #0 - АНАЛИТИЧЕСКИЙ УРОВЕНЬ |
| Встроенное поле |
2001#$aВ холодном поту |
| -- |
700#1$aБуало-Нарсежак |
| Заглавие |
В холодном поту |
| Автор |
Буало-Нарсежак |
| 464 #0 - АНАЛИТИЧЕСКИЙ УРОВЕНЬ |
| Встроенное поле |
2001#$aНовейший вариант пещеры Али-Бабы |
| -- |
700#1$aСейерс$bД. |
| Заглавие |
Новейший вариант пещеры Али-Бабы |
| Автор |
Сейерс, Д. |
| 464 #0 - АНАЛИТИЧЕСКИЙ УРОВЕНЬ |
| Встроенное поле |
2001#$aМартовские иды |
| -- |
700#1$aХорнунг$bЭ.У. |
| Заглавие |
Мартовские иды |
| Автор |
Хорнунг, Э.У. |
| 464 #0 - АНАЛИТИЧЕСКИЙ УРОВЕНЬ |
| Встроенное поле |
2001#$aКто смеется последним |
| -- |
700#1$aХорнунг$bЭ.У. |
| Заглавие |
Кто смеется последним |
| Автор |
Хорнунг, Э.У. |
| 464 #0 - АНАЛИТИЧЕСКИЙ УРОВЕНЬ |
| Встроенное поле |
2001#$aПоймать вора |
| -- |
700#1$aХорнунг$bЭ.У. |
| Заглавие |
Поймать вора |
| Автор |
Хорнунг, Э.У. |
| 464 #0 - АНАЛИТИЧЕСКИЙ УРОВЕНЬ |
| Встроенное поле |
2001#$aВоскресение отца Брауна |
| -- |
700#1$aЧестертон$bГ.К. |
| Заглавие |
Воскресение отца Брауна |
| Автор |
Честертон, Г.К. |
| 464 #0 - АНАЛИТИЧЕСКИЙ УРОВЕНЬ |
| Встроенное поле |
2001#$aТри всадника из Апокалипсиса |
| -- |
700#1$aЧестертон$bГ.К. |
| Заглавие |
Три всадника из Апокалипсиса |
| Автор |
Честертон, Г.К. |
| 801 #0 - ИСТОЧНИК ЗАПИСИ |
| Страна |
Российская Федерация |
| Организация |
NLR |
| Правила каталогизации |
psbo |
| 801 #1 - ИСТОЧНИК ЗАПИСИ |
| Страна |
Российская Федерация |
| Организация |
ELAR |
| Источник данных |
rusmarc |
| 852 ## - МЕСТОНАХОЖДЕНИЕ И ШИФР ХРАНЕНИЯ |
| Идентификатор организации |
NLR |
| Шифр хранения (Call Number) |
89-3/6513 |
| 942 ## - ДОПОЛНИТЕЛЬНЫЕ ЭЛЕМЕНТЫ ЗАПИСИ (АБИС) |
| Тип экземпляра АБИС |
Книга |
| 980 ## - КОЛЛЕКЦИЯ |
| Название коллекции |
Национальная библиография |